Statistics for FIFA 17 Top 10 English Right Back

Click here to take the quiz!

General Stats

  • This quiz has been taken 94 times
  • The average score is 4 of 10

Answer Stats

RankPlayerOVA% Correct
1Kyle Walker81
97%
2Nathaniel Clyne81
74%
4Kieran Trippier77
63%
3Glen Johnson77
34%
10Carl Jenkinson73
27%
5Joel Ward76
26%
8Danny Simpson74
23%
6Kyle Naughton75
22%
7Matthew Lowton75
19%
9Martin Kelly74
15%

Score Distribution

Percentile by Number Answered

Percent of People with Each Score

Your Score History

You have not taken this quiz